Information Practices-XII (Record no. 11374)

MARC details
000 -LEADER
fixed length control field 00235nam a22000857a 4500
008 - FIXED-LENGTH DATA ELEMENTS--GENERAL INFORMATION
fixed length control field 190402b ||||| |||| 00| 0 eng d
100 ## - MAIN ENTRY--PERSONAL NAME
Personal name Arora Sumita
9 (RLIN) 7112
245 ## - TITLE STATEMENT
Title Information Practices-XII
260 ## - PUBLICATION, DISTRIBUTION, ETC. (IMPRINT)
Place of publication, distribution, etc. New Delhi
Name of publisher, distributor, etc. Dhanpat Rai & Co
Date of publication, distribution, etc. 2013
Holdings
Withdrawn status Lost status Source of classification or shelving scheme Damaged status Koha normalized classification for sorting Not for loan Home library Current library Shelving location Date acquired Total Checkouts Full call number Barcode Date last seen Price effective from Koha item type
    Dewey Decimal Classification   005_130000000000000   Good Samaritan School Library Good Samaritan School Library Computer Science 04/02/2019   005.13 ARO15335 04/02/2019 04/02/2019 BOOK

Powered by Koha